Wikipediaの言語 - Statistics

General Stats
  • This quiz has been taken 160 times
  • The average score is 62 of 340
Answer Stats
順位 言語 原語表記 / 英語記事 純記事数 % Correct
1 英語 English 6,821,215
99%
4 フランス語 français 2,610,378
96%
13 日本語 日本語 1,414,748
95%
7 ロシア語 русский 1,978,197
94%
12 中国語 中文 1,417,938
94%
3 ドイツ語 Deutsch 2,907,912
93%
8 スペイン語 español 1,951,300
93%
17 アラビア語 العربية 1,232,447
90%
9 イタリア語 italiano 1,862,615
89%
18 ポルトガル語 português 1,124,101
87%
6 オランダ語 Nederlands 2,157,930
83%
23 朝鮮語 한국어 667,914
79%
15 ベトナム語 Tiếng Việt 1,293,213
75%
25 トルコ語 Türkçe 607,152
75%
14 ウクライナ語 українська 1,322,715
73%
21 インドネシア語 Bahasa Indonesia 692,620
73%
61 タイ語 ไทย 164,116
73%
11 ポーランド語 polski 1,613,980
71%
62 ヒンディー語 हिन्दी 161,485
71%
24 ノルウェー語 norsk 629,189
70%
27 フィンランド語 suomi 572,537
70%
59 ノルウェー語 norsk nynorsk 169,463
70%
123 モンゴル語 монгол 23,482
68%
5 スウェーデン語 svenska 2,584,395
67%
32 ルーマニア語 română 445,814
62%
28 チェコ語 čeština 545,977
61%
22 セルビア語 српски / srpski 688,939
60%
66 ラテン語 Latina 138,940
60%
29 ハンガリー語 magyar 541,817
59%
56 スロベニア語 slovenščina 185,071
59%
39 デンマーク語 dansk 299,674
58%
68 ラトビア語 latviešu 127,196
57%
44 スロバキア語 slovenčina 248,701
56%
45 エストニア語 eesti 245,031
54%
40 ブルガリア語 български 298,344
53%
47 ベラルーシ語 беларуская 242,203
53%
52 リトアニア語 lietuvių 216,549
53%
35 マレー語 Bahasa Melayu 372,933
52%
38 アルメニア語 հայերեն 308,535
52%
82 スワヒリ語 Kiswahili 80,713
52%
37 エスペラント Esperanto 353,181
50%
69 アフリカーンス語 Afrikaans 116,351
49%
96 アイスランド語 íslenska 58,522
49%
51 クロアチア語 hrvatski 220,315
48%
55 アゼルバイジャン語 azərbaycanca 199,900
47%
65 広東語 粵語 139,785
47%
103 タガログ語 Tagalog 47,289
47%
72 アルバニア語 shqip 97,360
46%
95 アイルランド語 Gaeilge 60,217
46%
36 ヘブライ語 עברית 354,118
44%
42 ウズベク語 oʻzbekcha / ўзбекча 260,176
43%
49 ギリシア語 Ελληνικά 235,213
43%
86 ジャワ語 Jawa 73,458
43%
19 ペルシア語 فارسی 1,001,643
42%
48 カザフ語 қазақша 236,597
42%
54 ウルドゥー語 اردو 205,601
42%
71 ビルマ語 မြန်မာဘာသာ 107,643
42%
111 ネパール語 नेपाली 32,882
41%
20 カタルーニャ語 català 751,217
40%
182 マオリ語 Māori 7,900
40%
64 マケドニア語 македонски 143,852
39%
58 グルジア語 ქართული 172,232
38%
83 キルギス語 кыргызча 79,144
38%
2 セブアノ語 Cebuano 6,118,317
37%
247 ハワイ語 Hawaiʻi 2,556
37%
188 チベット語 བོད་ཡིག 7,092
36%
60 タミル語 தமிழ் 165,275
35%
70 タジク語 тоҷикӣ 112,568
35%
84 クルド語 kurdî 75,529
34%
63 ベンガル語 বাংলা 152,357
33%
109 スコットランド語 Scots 34,813
33%
76 ボスニア語 bosanski 93,449
32%
192 トルクメン語 Türkmençe 6,855
30%
30 タタール語 татарча / tatarça 501,322
28%
197 マルタ語 Malti 6,430
28%
127 シンハラ語 සිංහල 20,610
27%
201 ウイグル語 ئۇيغۇرچە / Uyghurche 5,999
27%
257 トンガ語 lea faka-Tonga 2,015
27%
41 ウェールズ語 Cymraeg 280,446
26%
158 サンスクリット संस्कृतम् 12,179
26%
170 客家語 客家語/Hak-kâ-ngî 10,236
26%
282 コンゴ語 Kongo 1,294
26%
105 ハウサ語 Hausa 44,984
25%
110 ヨルバ語 Yorùbá 34,028
24%
124 バリ語 Basa Bali 23,481
24%
226 ロマンシュ語 rumantsch 3,772
24%
93 ルクセンブルク語 Lëtzebuergesch 63,351
23%
102 イド語 Ido 47,984
23%
143 アムハラ語 አማርኛ 15,307
23%
281 フィジー語 Na Vosa Vakaviti 1,296
23%
292 サモア語 Gagana Samoa 1,106
23%
115 イボ語 Igbo 29,869
22%
167 クメール語 ភាសាខ្មែរ 10,467
22%
34 バスク語 euskara 431,977
21%
94 スンダ語 Sunda 61,701
21%
33 閩南語 閩南語 / Bân-lâm-gú 433,048
20%
43 シンプル英語 Simple English 251,372
20%
73 マダガスカル語 Malagasy 97,202
20%
157 ワロン語 walon 12,309
19%
162 ズールー語 isiZulu 11,326
19%
336 ナウル語 Dorerin Naoero 0
19%
255 コサ語 isiXhosa 2,037
18%
286 タヒチ語 reo tahiti 1,221
18%
120 シチリア語 sicilianu 26,279
16%
138 閩東語 閩東語 / Mìng-dĕ̤ng-ngṳ̄ 16,510
16%
155 アチェ語 Acèh 12,938
16%
26 チェチェン語 нохчийн 601,335
15%
74 マラーティー語 मराठी 96,225
15%
104 アラゴン語 aragonés 45,969
15%
323 サンゴ語 Sängö 323
15%
326 グリーンランド語 kalaallisut 242
15%
75 テルグ語 తెలుగు 94,890
14%
90 ヴェネト語 vèneto 69,289
14%
134 サハ語 саха тыла 17,473
14%
145 ナポリ語 Napulitano 14,881
14%
180 ソマリ語 Soomaaliga 7,980
14%
141 イディッシュ語 ייִדיש 15,458
13%
142 イロカノ語 Ilokano 15,378
13%
100 パンジャーブ語 ਪੰਜਾਬੀ 54,214
12%
125 ナバホ語 Diné bizaad 22,642
12%
148 フェロー語 føroyskt 14,071
12%
152 アッサム語 অসমীয়া 13,370
12%
160 ショナ語 chiShona 11,427
12%
165 フィジー・ヒンディー語 Fiji Hindi 11,023
12%
237 ディベヒ語 ދިވެހިބަސް 3,048
12%
259 モン語 ဘာသာမန် 1,918
12%
262 オロモ語 Oromoo 1,778
12%
296 チェロキー語 ᏣᎳᎩ 1,065
12%
300 ソト語 Sesotho 963
12%
320 イヌクティトゥット語 ᐃᓄᒃᑎᑐᑦ / inuktitut 405
12%
325 ゾンカ語 ཇོང་ཁ 261
12%
10 アラビア語エジプト方言 مصرى 1,623,284
11%
106 呉語 吴语 43,622
11%
113 グジャラート語 ગુજરાતી 30,395
11%
114 アレマン語 Alemannisch 30,382
11%
122 ケチュア語 Runa Simi 24,073
11%
178 コルシカ語 corsu 8,121
11%
187 ルワンダ語 Ikinyarwanda 7,229
11%
199 アブハズ語 аԥсшәа 6,186
11%
212 カラカルパク語 Qaraqalpaqsha 5,039
11%
230 トゥバ語 тыва дыл 3,521
11%
267 ウォロフ語 Wolof 1,694
11%
340 カヌリ語 kanuri 0
11%
91 ピエモンテ語 Piemontèis 68,827
10%
129 パシュトー語 پښتو 19,030
10%
194 贛語 贛語 6,714
10%
222 ラーオ語 ລາວ 3,927
10%
316 チャモロ語 Chamoru 555
10%
77 オック語 occitan 89,683
9%
81 低地ドイツ語 Plattdüütsch 84,717
9%
89 ハイチ語 Kreyòl ayisyen 69,646
9%
112 カンナダ語 ಕನ್ನಡ 31,916
9%
117 コタヴァ Kotava 29,157
9%
139 スコットランド・ゲール語 Gàidhlig 15,959
9%
206 グアラニー語 Avañe'ẽ 5,668
9%
207 コミ語 коми 5,530
9%
209 アイマラ語 Aymar aru 5,170
9%
214 古英語 Ænglisc 4,442
9%
224 リンガラ語 lingála 3,850
9%
276 ツワナ語 Setswana 1,402
9%
53 ガリシア語 galego 206,804
8%
57 ラディン語 Ladin 180,713
8%
153 漢文 文言 13,328
8%
166 バンジャル語 Banjar 10,665
8%
275 ビスラマ語 Bislama 1,455
8%
298 チェワ語 Chi-Chewa 1,031
8%
301 スワジ語 SiSwati 928
8%
324 ティグリニャ語 ትግርኛ 296
8%
330 マーシャル語 Ebon 4
8%
333 ヒリモツ語 Hiri Motu 3
8%
16 ワライ語 Winaray 1,266,440
7%
31 セルビア・クロアチア語 srpskohrvatski / српскохрватски 459,481
7%
80 マラヤーラム語 മലയാളം 85,638
7%
116 インターリングア interlingua 29,581
7%
118 クリミア・タタール語 qırımtatarca 28,049
7%
137 シンド語 سنڌي 17,045
7%
156 インターリング Interlingue 12,636
7%
240 ガガウズ語 Gagauz 2,803
7%
277 トク・ピシン Tok Pisin 1,373
7%
279 テトゥン語 tetun 1,365
7%
67 アストゥリアス語 asturianu 135,341
6%
92 バシキール語 башҡортса 63,608
6%
101 西フリジア語 Frysk 53,578
6%
132 オセット語 ирон 18,317
6%
133 オリヤー語 ଓଡ଼ିଆ 18,045
6%
171 アラビア語モロッコ方言 الدارجة 10,035
6%
195 マン島語 Gaelg 6,634
6%
205 ウドムルト語 удмурт 5,688
6%
211 カシミール語 कॉशुर / کٲشُر 5,078
6%
213 ノルマン語 Nouormand 4,977
6%
223 パピアメント語 Papiamentu 3,907
6%
239 チワン語 Vahcuengh 2,903
6%
251 イングーシ語 гӀалгӀай 2,203
6%
315 アディゲ語 адыгабзэ 558
6%
337 アカン語 ak 0
6%
97 シレジア語 ślůnski 57,968
5%
98 チュヴァシ語 чӑвашла 55,946
5%
136 中央ビコール語 Bikol Central 17,150
5%
183 北部サーミ語 davvisámegiella 7,888
5%
185 サルデーニャ語 sardu 7,573
5%
236 ガンダ語 Luganda 3,086
5%
248 パーリ語 पालि 2,554
5%
309 ツォンガ語 Xitsonga 766
5%
312 ルンディ語 ikirundi 650
5%
46 南アゼルバイジャン語 تۆرکجه 243,508
4%
50 ミナンカバウ語 Minangkabau 227,553
4%
79 ブルトン語 brezhoneg 86,291
4%
85 ロンバルド語 lombard 73,978
4%
108 ヴォラピュク Volapük 36,702
4%
130 北フリジア語 Nordfriisk 18,954
4%
131 トゥンブカ語 chiTumbuka 18,645
4%
151 シャン語 ၽႃႇသႃႇတႆး 13,559
4%
159 西アルメニア語 Արեւմտահայերէն 11,690
4%
168 山地マリ語 кырык мары 10,432
4%
172 パンパンガ語 Kapampangan 9,609
4%
175 ルシン語 русиньскый 8,866
4%
176 ビハール語 भोजपुरी 8,676
4%
177 北ソト語 Sesotho sa Leboa 8,607
4%
189 コーンウォール語 kernowek 7,045
4%
216 レズギ語 лезги 4,391
4%
219 ミランダ語 Mirandés 4,259
4%
221 フリウリ語 furlan 4,081
4%
225 トウィ語 Twi 3,837
4%
232 アヴァル語 авар 3,505
4%
245 パンガシナン語 Pangasinan 2,580
4%
246 タイヤル語 Tayal 2,571
4%
253 フラニ語 Fulfulde 2,151
4%
263 キクユ語 Gĩkũyũ 1,756
4%
264 カルムイク語 хальмг 1,754
4%
265 ジャマイカ・クレオール語 Patois 1,722
4%
283 グン語 gungbe 1,279
4%
285 教会スラヴ語 словѣньскъ / ⰔⰎⰑⰂⰡⰐⰠⰔⰍⰟ 1,229
4%
287 マドゥラ語 Madhurâ 1,218
4%
291 スラナン語 Sranantongo 1,121
4%
294 ラトガリア語 latgaļu 1,081
4%
302 ピトケアン語 Norfuk / Pitkern 918
4%
304 フラフラ語 farefare 886
4%
319 イガラ語 Igala 445
4%
327 クリー語 Nēhiyawēwin / ᓀᐦᐃᔭᐍᐏᐣ 12
4%
332 四川彝語 ꆇꉙ 3
4%
87 西パンジャーブ語 پنجابی 72,575
3%
88 ネパール・バサ語 नेपाल भाषा 72,352
3%
99 ソラニー کوردی 55,309
3%
119 バイエルン・オーストリア語 Boarisch 27,165
3%
147 マイティリー語 मैथिली 14,102
3%
154 エミリア・ロマーニャ語 emiliàn e rumagnòl 13,053
3%
161 牧地マリ語 олык марий 11,388
3%
179 西フラマン語 West-Vlams 7,988
3%
184 エルジャ語 эрзянь 7,877
3%
196 ヴォロ語 võro 6,606
3%
202 イナリ・サーミ語 anarâškielâ 5,795
3%
203 アルピタン語 arpetan 5,768
3%
204 ピカルディ語 Picard 5,715
3%
208 カシューブ語 kaszëbsczi 5,461
3%
210 モクシャ語 мокшень 5,148
3%
218 リングア・フランカ・ノバ Lingua Franca Nova 4,261
3%
220 東フリジア語 Seeltersk 4,118
3%
227 ラディーノ語 Ladino 3,706
3%
228 エストレマドゥーラ語 estremeñu 3,700
3%
229 ゴア・コンカニ語 गोंयची कोंकणी / Gõychi Konknni 3,593
3%
231 ドテリ語 डोटेली 3,513
3%
235 チャバカノ語 Chavacano de Zamboanga 3,200
3%
243 サキザヤ語 Sakizaya 2,667
3%
250 標準モロッコ・タマジクト語 ⵜⴰⵎⴰⵣⵉⵖⵜ ⵜⴰⵏⴰⵡⴰⵢⵜ 2,253
3%
254 カラチャイ・バルカル語 къарачай-малкъар 2,095
3%
269 アンギカ語 अंगिका 1,643
3%
270 カバルド語 адыгэбзэ 1,638
3%
271 ノヴィアル Novial 1,636
3%
278 アルーマニア語 armãneashti 1,368
3%
280 ロジバン la .lojban. 1,333
3%
288 セデック語 Seediq 1,170
3%
293 南アルタイ語 алтай тил 1,095
3%
303 ゴート語 𐌲𐌿𐍄𐌹𐍃𐌺 896
3%
306 バンバラ語 bamanankan 827
3%
313 イヌピアック語 Iñupiatun 592
3%
314 ワユ語 wayuunaiki 573
3%
322 ディンカ語 Thuɔŋjäŋ 331
3%
78 タラシケヴィツァ беларуская (тарашкевіца) 86,506
2%
107 ディムリ語 Zazaki 41,826
2%
121 ビシュヌプリヤ・マニプリ語 বিষ্ণুপ্রিয়া মণিপুরী 25,087
2%
126 メグレル語 მარგალური 20,903
2%
128 マーザンダラーン語 مازِرونی 19,378
2%
135 サモギティア語 žemaitėška 17,225
2%
140 ブギス語 Basa Ugi 15,838
2%
144 リンブルフ語 Limburgs 14,899
2%
146 ゴロンタロ語 Bahasa Hulontalo 14,764
2%
149 高地ソルブ語 hornjoserbsce 13,934
2%
150 バニュマス語 Basa Banyumasan 13,919
2%
163 リグリア語 Ligure 11,247
2%
164 サンタル語 ᱥᱟᱱᱛᱟᱲᱤ 11,138
2%
169 マニプリ語 ꯃꯤꯇꯩ ꯂꯣꯟ 10,420
2%
173 タラント語 tarandíne 9,486
2%
174 ダバニ語 dagbanli 9,291
2%
181 オランダ低ザクセン語 Nedersaksies 7,903
2%
186 タリシュ語 tolışi 7,441
2%
190 ギラキ語 گیلکی 7,008
2%
191 ヴェプス語 vepsän kel’ 6,974
2%
193 カビル語 Taqbaylit 6,809
2%
198 ゼーランド語 Zeêuws 6,251
2%
200 サライキ語 سرائیکی 6,037
2%
215 ナワ語群 Nāhuatl 4,411
2%
217 リッヴィ語 livvinkarjala 4,370
2%
233 コミ・ペルミャク語 перем коми 3,461
2%
234 低地ソルブ語 dolnoserbski 3,383
2%
238 ケルン語 Ripoarisch 2,984
2%
241 ロシアブリヤート語 буряад 2,786
2%
242 プファルツ語 Pälzisch 2,756
2%
249 アワディー語 अवधी 2,471
2%
252 トゥル語 ತುಳು 2,165
2%
256 アティカメク語 Atikamekw 2,029
2%
258 ペンシルベニアドイツ語 Deitsch 2,010
2%
260 帝国アラム語 ܐܪܡܝܐ 1,901
2%
261 シルハ語 Taclḥit 1,848
2%
266 カビエ語 Kabɩyɛ 1,710
2%
268 ニアス語 Li Niha 1,685
2%
272 ンコ語 ߒߞߏ 1,496
2%
273 ダガリ語 Dagaare 1,482
2%
274 フォン語 fɔ̀ngbè 1,481
2%
284 ラク語 лакку 1,270
2%
289 ナイジェリア・ピジン Naijá 1,147
2%
290 アミ語 Pangcah 1,135
2%
295 フランス領ギアナ・クレオール語 kriyòl gwiyannen 1,071
2%
297 ガーナピジン英語 Ghanaian Pidgin 1,057
2%
299 カタブ語 Tyap 1,004
2%
305 エウェ語 eʋegbe 846
2%
307 ヴラックス・ロマ語 romani čhib 801
2%
308 ヴェンダ語 Tshivenda 772
2%
310 バタク・トバ語 Batak Toba 762
2%
311 シャイアン語 Tsetsêhestâhese 704
2%
317 ファンティ語 mfantse 548
2%
318 ギリシア語ポントス方言 Ποντιακά 494
2%
321 パイワン語 pinayuanan 352
2%
328 ンドンガ語 Oshiwambo 8
2%
329 チョクトー語 Chahta anumpa 6
2%
331 クワニャマ語 Kwanyama 4
2%
334 北ロル語 لۊری شومالی 1
2%
335 マスコギ語 Mvskoke 1
2%
338 アファル語 Qafár af 0
2%
339 ヘレロ語 Otsiherero 0
2%
244 パオウ語 ပအိုဝ်ႏဘာႏသာႏ 2,644
0%
No matching quizzes found
Score Distribution
Percent of People with Each Score
Percentile by Number Answered
Your Score History
You have not taken this quiz